Créditos en moneda por operaciones que generan ingresos de actividades ordinarias. Requerimientos de la RT 54 (t. o. RT 56) en materia de reconocimiento y medición (Registro nro. 12894)

Detalles MARC
000 -LEADER
fixed length control field 00425 a2200109 4500
001 - CONTROL NUMBER
control field ART_59359
005 - DATE AND TIME OF LATEST TRANSACTION
control field 20260410161636.0
008 - FIXED-LENGTH DATA ELEMENTS--GENERAL INFORMATION
fixed length control field 260409a
100 1# - MAIN ENTRY--PERSONAL NAME
Personal name Suardi, Diana
245 10 - TITLE STATEMENT
Title Créditos en moneda por operaciones que generan ingresos de actividades ordinarias. Requerimientos de la RT 54 (t. o. RT 56) en materia de reconocimiento y medición
773 0# - HOST ITEM ENTRY
Title Enfoques
Related parts - N° 9 (sep. 2023)
Record control number REV416

No hay ítems disponibles.